01771cam a2200313 i 450000100090000000300040000900500170001300800410003001000170007102000180008803500130010604000280011904200080014705000220015510000260017724501040020325000180030726000560032526400110038130000240039233600210041633700250043733800230046250508620048558300410134765000300138865000200141870000190143817439258OSt20260702093545.0120823t20122012cou 000 0 eng  a 2012947831 a9780781408233 a17439258 aDLCbengcDLCerdadDLC apcc00aBV4520b.C53 20121 aChan, Francis,d1967-10aMultiply :bdisciples making disciples /cFrancis Chan with Mark Beuving ; foreword by David Platt. aFirst edition aColorado Springs, Colorado :bDavid C Cook,c[2012] 4c©2012 a333 pages ;c21 cm. atext2rdacontent aunmediated2rdamedia avolume2rdacarrier0 aHow to use the material -- Part I: Living as a disciple maker -- What is a disciple? -- The command to make disciples -- The heart of a disciple maker -- Part II. Living as the church -- Life in the church -- The local church -- The global church -- Part III. How to study the Bible -- Why study the Bible? -- Studying the Bible prayerfully and obediently -- Studying logically -- Part IV. Understanding the Old Testament -- Creation -- The Fall -- God's covenant with Abraham -- Exodus and redemption -- God's covenant with Moses -- Sacrifice and atonement -- God's presence on the earth -- The kingdom of God -- Exile and promise of restoration -- Part V. Understanding the New Testament -- Jesus the Messiah -- The Great Commission -- The Spirit of God -- The early church -- Good news for all nations -- The end of the story -- Where do we go from here? aCataloguing:c20260702kgtanuigtanui 0aDiscipling (Christianity) 0aChristian life.1 aBeuving, Mark.